000 00747nam a2200205Ii 4500
003 JO-AjNU
008 230605s9999||||xx |||||||||||||| ||und||
040 _aJO-AjNU
_bara
_erda
_cJO-AjNU
041 _aara
050 1 4 _aPJ6106.G422 2009
100 3 _aتأليف الغلاييني، مصطفى,
_eauthor
_941931
245 0 0 _aجامع الدروس العربية: موسوعة في ثلاثة أجزاء، الجزء الأول
250 _aط2
264 3 1 _aعمان: دار الفكر،2009
300 _aج1، 528ص
_bموسوعة في ثلاث اجزاء
336 _atext
_btxt
_2rdacontent
337 _aunmediated
_bn
_2rdamedia
338 _avolume
_bnc
_2rdacarrier
650 4 _aاللغة العربية - نحو - صرف
_941932
999 _aA17917
_c21485
_d21485